000 00693nam a2200253Ia 4500
003 OSt
005 20221005084410.0
006 a|||||r|||| 00| 0
007 ta
008 221004b |||||||| |||| 00| 0 eng d
024 _a33972
037 _cTextual
040 _aCRL
_cCRL
_beng
041 _2eng
_aeng
082 _a2:7, M1
100 _aThomas Diana M
_9613268
245 0 _aEffective reference librarian
260 _aNew York
_bAcademic Press
_c1981
300 _a214p.
_ccm.
650 _aLIBRARY SCIENCE
700 _a Hinckley Ann T and others
_9613269
942 _h2:7, M1
_cTEXL
_2cc
999 _c992531
_d992531